000
00287nam a22001217a 4500
999
_c
12774
_d
12774
020
_a
9780074716625
082
_a
616.9
100
_a
Sanjaya Senanayake
245
_a
Clinical Cases in Infectious Diseases
260
_a
Australia
_b
McGraw Hill
_c
2007
300
_a
398 pages
942
_c
BK